000 00430nam a22001817a 4500
003 MPLRDC
005 20220104113805.0
008 210129b ||||| |||| 00| 0 eng d
082 _a848.4 ZXN-6
100 _a朱西宁著
245 _a日月长新花长生
_c
250 _a初版
260 _a
_b皇冠出版社
_c1978
300 _b
490 _a皇冠丛书;584
650 _a现代别集
942 _cBK
_o848.4 ZXN-6
999 _c2381
_d2371